<?xml version="1.0" encoding="UTF-8"?>
<record
    xmlns:xsi="http://www.w3.org/2001/XMLSchema-instance"
    xsi:schemaLocation="http://www.loc.gov/MARC21/slim http://www.loc.gov/standards/marcxml/schema/MARC21slim.xsd"
    xmlns="http://www.loc.gov/MARC21/slim">

  <leader>01615cam a2200277 a 4500</leader>
  <controlfield tag="001">17810119</controlfield>
  <controlfield tag="005">20150513115907.0</controlfield>
  <controlfield tag="008">130712t2014    flua   frb    001 0 eng d</controlfield>
  <datafield tag="020" ind1=" " ind2=" ">
    <subfield code="a">9781439867303 (hardback : acidfree paper)</subfield>
  </datafield>
  <datafield tag="040" ind1=" " ind2=" ">
    <subfield code="a">DLC</subfield>
    <subfield code="c">DLC</subfield>
    <subfield code="d">DLC</subfield>
    <subfield code="d">EG-ScBUE</subfield>
  </datafield>
  <datafield tag="082" ind1="0" ind2="0">
    <subfield code="a">006.6</subfield>
    <subfield code="2">22</subfield>
    <subfield code="b">BOR</subfield>
  </datafield>
  <datafield tag="100" ind1="1" ind2=" ">
    <subfield code="a">Boreskov, Alexey.</subfield>
    <subfield code="9">37983</subfield>
  </datafield>
  <datafield tag="245" ind1=" " ind2=" ">
    <subfield code="a">Computer graphics :</subfield>
    <subfield code="b">from pixels to programmable graphics hardware /</subfield>
    <subfield code="c">Alexey Boreskov, Evgeniy Shikin.</subfield>
  </datafield>
  <datafield tag="260" ind1=" " ind2=" ">
    <subfield code="a">Boca Raton :</subfield>
    <subfield code="b">CRC Press / Taylor &amp; Francis Group,</subfield>
    <subfield code="c">c.2014.</subfield>
  </datafield>
  <datafield tag="300" ind1=" " ind2=" ">
    <subfield code="a">xxiii, 543 p. :</subfield>
    <subfield code="b">ill. ;</subfield>
    <subfield code="c">25 cm.</subfield>
  </datafield>
  <datafield tag="490" ind1="0" ind2=" ">
    <subfield code="a">Chapman &amp; Hall / CRC computer graphics, geometric modeling, and animation series</subfield>
  </datafield>
  <datafield tag="500" ind1=" " ind2=" ">
    <subfield code="a">Index : p. 531-543.</subfield>
  </datafield>
  <datafield tag="504" ind1=" " ind2=" ">
    <subfield code="a">Includes bibliographical references.</subfield>
  </datafield>
  <datafield tag="520" ind1=" " ind2=" ">
    <subfield code="a">"Offering a complex view on the current state of the art in computer graphics, programmable graphics hardware, shaders, and shader-based effects, this unique text covers nearly all aspects of modern computer graphics. It presents the necessary mathematical background and algorithms and describes rasterization, hidden surface removal, and fixed and programmable pipeline. Suitable for a one-semester course, the book requires only basic knowledge of analytic geometry, linear algebra, and C++. It includes questions and practical examples (mostly using OpenGL3.0) and provides full source code and other materials on a supplementary website"--</subfield>
  </datafield>
  <datafield tag="650" ind1=" " ind2="7">
    <subfield code="a">Computer graphics.</subfield>
    <subfield code="2">BUEsh</subfield>
    <subfield code="9">3615</subfield>
  </datafield>
  <datafield tag="651" ind1=" " ind2=" ">
    <subfield code="2">BUEsh</subfield>
  </datafield>
  <datafield tag="653" ind1=" " ind2=" ">
    <subfield code="b">COMSCI</subfield>
    <subfield code="c">May2015</subfield>
  </datafield>
  <datafield tag="655" ind1=" " ind2=" ">
    <subfield code="v">reading book</subfield>
    <subfield code="9">34232</subfield>
  </datafield>
  <datafield tag="700" ind1="1" ind2=" ">
    <subfield code="a">Shikin, Evgeniy.</subfield>
    <subfield code="9">37984</subfield>
  </datafield>
  <datafield tag="942" ind1=" " ind2=" ">
    <subfield code="2">ddc</subfield>
  </datafield>
  <datafield tag="999" ind1=" " ind2=" ">
    <subfield code="c">19340</subfield>
    <subfield code="d">19312</subfield>
  </datafield>
  <datafield tag="952" ind1=" " ind2=" ">
    <subfield code="0">0</subfield>
    <subfield code="1">0</subfield>
    <subfield code="2">ddc</subfield>
    <subfield code="4">0</subfield>
    <subfield code="7">0</subfield>
    <subfield code="8">Alahram</subfield>
    <subfield code="a">MAIN</subfield>
    <subfield code="b">MAIN</subfield>
    <subfield code="c">LOW</subfield>
    <subfield code="d">2015-05-13</subfield>
    <subfield code="e">purchase</subfield>
    <subfield code="g">607.00</subfield>
    <subfield code="h">329</subfield>
    <subfield code="l">1</subfield>
    <subfield code="o">006.6 BOR</subfield>
    <subfield code="p">000038209</subfield>
    <subfield code="r">2025-07-15 00:00:00</subfield>
    <subfield code="s">2019-03-26</subfield>
    <subfield code="v">758.75</subfield>
    <subfield code="y">BB</subfield>
  </datafield>
</record>
